LEADER 00794nam a2200217 i 4500 001 000000200996 003 CaOOAMICUS 005 20110418000000.0 008 110418n it u000 u ita u 013 $a179697 040 $aSeMil$bita 100 1 $aCarretto, Carlo,$d<1910-1988>.$0(OLS)http://semarc/name/8069 245 10$aDio chiama :$be provoca l'uomo d'oggi /$cCarlo Carretto. 250 $aPro manuscripto. 260 $a[S.l. :$bs.n.],$c[1972?] 300 $a31 p., [1] c. di tav. ;$c21 cm. 850 $aSeMil 852 $aSeMil$W1$xVenegono$y1$m5D IX 18/9$j151525$B151525$CSeMilBibl$Z2$F162742 $81 961 $aOmaggio: Altro 996 $6245$aDio chiama :$be provoca l'uomo d'oggi$9(OLS)http://semarc/title/290788 996 $6260$a[S.l. :$bs.n.]$9(OLS)http://semarc/publisher/29751 LEADER 01607nam a2200289 i 4500 001 000000121195 003 CaOOAMICUS 005 20031210000000.0 008 031210s1990 it u000 u ita u 013 $a93889 040 $aSeMil$bita 100 1 $aITG «B. Pascal».$0(OLS)http://semarc/name/50375 245 13$aLa Madonna della Ghiara di Reggio nelle immagini devozionali /$cITG «B. Pascal», CNA ; a cura di Elisabetta Ghirardini, Sandra Andreoli ; testi introduttivi di Adriano Prosperi e Alfonso Garuti. 260 $aReggio Emilia :$bBizzocchi,$ccopyr. 1990. 300 $a103 p. :$briccamente ill. ;$c30 cm. 500 $aIn mezzo al front. : La ricerca č stata effettuata in collaborazione con gli studenti dell'indirizzo «Operatori sui Beni Culturali» dell'I.T.G. Sperimentalke «B. Pascal» e la FNALA - CNA Reggio Emilia. - Fondo Card. C.M. Martini. 650 4$aReggio Emilia - Santuario della Madonna della Ghiara - Iconografia.$0(OLS)http://semarc/subject/22883 700 1 $aCNA.$0(OLS)http://semarc/name/50376 700 1 $aGaruti, Alfonso.$0(OLS)http://semarc/name/42686 700 1 $aProsperi, Adriano,$d<1939- >.$0(OLS)http://semarc/name/10870 700 1 $aAndreoli, Sandra.$0(OLS)http://semarc/name/50377 850 $aSeMil 852 $aSeMil$W1$xVenegono$y1$m5M VII 38$j76294$B76294$CSeMilBibl$Z2$F79056 $81 941 1 $a4 961 $aOmaggio: Martini Card. Carlo Maria 996 $6245$aLa Madonna della Ghiara di Reggio nelle immagini devozionali$9(OLS)http://semarc/title/178379 996 $6260$aReggio Emilia :$bBizzocchi$9(OLS)http://semarc/publisher/35490